| 000 | 00375nam a2200157Ia 4500 | ||
|---|---|---|---|
| 003 | OSt | ||
| 008 | 191201s2012 xx 000 0 und d | ||
| 082 |
_a624.15136 _bRAG |
||
| 100 | _aRAJ, P Purushothama | ||
| 245 | 0 | _aGround Improvement Techniques | |
| 250 | _aRep | ||
| 260 |
_aN. Delhi _bUniversity Press _c2012 |
||
| 300 | _a265 | ||
| 650 | _aB.Tech(CE) | ||
| 942 |
_2ddc _cBK |
||
| 999 |
_c5392 _d5392 |
||